The pursuit of the good life (Record no. 936)

MARC details
000 -LEADER
fixed length control field 00433nam a2200181Ia 4500
008 - FIXED-LENGTH DATA ELEMENTS--GENERAL INFORMATION
fixed length control field 240428s9999||||xx |||||||||||||| ||und||
020 ## - INTERNATIONAL STANDARD BOOK NUMBER
International Standard Book Number 1591859964
041 ## - LANGUAGE CODE
Language code of text/sound track or separate title eng
082 ## - DEWEY DECIMAL CLASSIFICATION NUMBER
Classification number 248.4.H
100 ## - MAIN ENTRY--PERSONAL NAME
Personal name Haggard, Ted
245 #4 - TITLE STATEMENT
Title The pursuit of the good life
250 ## - EDITION STATEMENT
Edition statement 1st
260 ## - PUBLICATION, DISTRIBUTION, ETC.
Name of publisher, distributor, etc. Charisma House
Place of publication, distribution, etc. United State of America
Date of publication, distribution, etc. 2006
300 ## - PHYSICAL DESCRIPTION
Extent 202p, photos.
650 ## - SUBJECT ADDED ENTRY--TOPICAL TERM
Topical term or geographic name entry element Christian life.
942 ## - ADDED ENTRY ELEMENTS (KOHA)
Koha item type Books
Holdings
Withdrawn status Lost status Damaged status Not for loan Home library Current library Shelving location Date acquired Total checkouts Full call number Date last seen Copy number Price effective from Koha item type
        Main Library Main Library Open Shelves 23/03/2022   248.4.H 00909 29/04/2024 1 29/04/2024 Books
©2026  Parliament of Ghana Library - All rights reserved